000 00573nam a22001937i 4500
001 321
003 OSt
005 20170126082242.0
007 tu
008 161220s1988 xxu||||| |||| 00| 0 d
024 7 _a320
_2RID
040 _cOSt
084 _a22.4
_2z
100 1 _aRhode, Barbara
_eEd.
245 0 0 _aAir Pollution in Europe Volume 1:Western Europe.A Collection of Country Reports on Air Pollution and National Policies
260 _aVienna :
_bEuropean Coordination Centre for Research and Documentation,
_c1988.
300 _a193 S. ;
_c21cm.
490 _aOccasional Paper
942 _cB
999 _c317
_d317